000 03558cgm a2200793Ia 4500
001 8620066
005 20140304143828.0
007 vd bvaizu
008 060901p20061950cau094 g vleng d
020 _a1419824651
020 _a9781419824654
024 1 _a012569678972
028 4 2 _a67897
_bWarner
029 1 _aAU@
_b000046301869
035 _a(OCoLC)ocm71230756
035 _a(OCoLC)71230756
035 _a(NNC)8620066
040 _aNOG
_cNOG
_dOCLCQ
_dWAU
_dRCS
_dGCD
_dOCLCQ
_dOCLCA
_dOCLCQ
_dOCLCA
_dWAU
_dMVQ
_dOCLCQ
041 1 _aeng
_afre
_heng
050 1 4 _aPN1995.9.C55
_bF38447 2006
082 0 4 _a791.43/72
_222
130 0 _aFather of the bride (Motion picture : 1950)
_925771
245 1 0 _aFather of the bride
_h[videorecording] /
_ca Metro-Goldwyn-Mayer picture ; produced by Pandro S. Berman ; screenplay by Frances Goodrich and Albert Hackett ; directed by Vincente Minnelli.
260 _aBurbank, CA :
_bWarner Home Video,
_c[2006]
300 _a1 videodisc (94 min.) :
_bsd., b&w ;
_c4 3/4 in.
500 _aOriginally produced as motion picture in 1950.
500 _aBased on the novel by Edward Streeter.
500 _aSpecial features include newsreels, behind the scenes, theatrical trailer, cast and crew.
508 _aDirector of photography, John Alton ; editor, Ferris Webser ; music, Adolph Deutsch.
511 1 _aSpencer Tracy, Joan Bennett, Elizabeth Taylor, Don Taylor, Billie Burke, Leo G. Carroll, Moroni Olsen.
520 _aChaos reigns when the beautiful daughter of a family casually announces her plans to marry. What follows is a warmly humorous story, with wedding preparations, ruffled egos and the unavoidable meeting with the prospective in-laws.
521 8 _aNot rated.
538 _aDVD, region 1; NTSC.
546 _aEnglish and French language tracks with optional subtitles in English, French, Spanish, Portuguese, Chinese, Japanese, Thai, and Korean; closed-captioned for the hearing impaired.
650 0 _aMarriage
_zUnited States
_vDrama.
_925772
650 0 _aFathers and daughters
_zUnited States
_vDrama.
_925773
650 0 _aFamilies
_zUnited States
_vDrama.
_925774
650 7 _aMatrimonio
_vTeatro.
_2bidex
_925775
650 7 _aFamilia
_vTeatro.
_2bidex
_925776
650 0 _aMarriage
_vDrama.
_925777
650 0 _aDaughters
_vDrama.
_925778
650 0 _aFamilies
_vDrama.
_925779
650 0 _aMatrimonio
_vTeatro.
_2bidex
_925780
650 0 _aFamilia
_vTeatro.
_2bidex
_925781
655 0 _aFeature films.
_925782
655 0 _aFiction films.
_925783
655 0 _aDomestic comedy films.
_925784
655 0 _aComedy films.
_925785
655 0 _aVideo recordings for the hearing impaired.
_920953
655 7 _aComedy
_vFeature.
_2migfg
_925786
655 7 _aComedy films.
_2gsafd
_925787
700 1 _aBerman, Pandro S.,
_d1905-1996.
_925788
700 1 _aMinnelli, Vincente.
_925789
700 1 _aGoodrich, Frances.
_925790
700 1 _aHackett, Albert.
_925791
700 1 _aTracy, Spencer,
_d1900-1967.
_925792
700 1 _aBennett, Joan,
_d1910-1990.
_925793
700 1 _aTaylor, Elizabeth,
_d1932-2011.
_925794
700 1 _aTaylor, Don,
_d1920-1998.
_925795
700 1 _aBurke, Billie,
_d1885-1970.
_925796
700 1 _aCarroll, Leo G.,
_d1886-1972.
_925797
700 1 _aOlsen, Moroni,
_d1889-1954.
_925798
700 1 _aStreeter, Edward,
_d1891-1976.
_tFather of the bride.
_925799
710 2 _aMetro-Goldwyn-Mayer.
_925800
710 2 _aWarner Home Video (Firm)
_925801
942 _2lcc
_cAC
948 1 _a20110425
_bc
_cyz2173
_dOSMC
999 _c58771
_d58745